صناعة الثقافة : تعريفها, قواعدها, خصائصها, مصادرها, أزماتها, صناعتها, و أهم دور النشر و المكتبات و الصوتيات / (Record no. 111207)
[ view plain ]
| 000 -LEADER | |
|---|---|
| fixed length control field | 00951nam a22002537a 4500 |
| 005 - DATE AND TIME OF LATEST TRANSACTION | |
| control field | 20251108174521.0 |
| 008 - FIXED-LENGTH DATA ELEMENTS--GENERAL INFORMATION | |
| fixed length control field | 250721s2007 xx 000 0 ara d |
| 020 ## - INTERNATIONAL STANDARD BOOK NUMBER | |
| International Standard Book Number | 9960970523 |
| 082 14 - DEWEY DECIMAL CLASSIFICATION NUMBER | |
| Classification number | م/028/سوي |
| 100 1# - MAIN ENTRY--PERSONAL NAME | |
| Personal name | السويدلن، طارق محمد |
| Relator term | مؤلف |
| 245 10 - TITLE STATEMENT | |
| Title | صناعة الثقافة : تعريفها, قواعدها, خصائصها, مصادرها, أزماتها, صناعتها, و أهم دور النشر و المكتبات و الصوتيات / |
| 264 1# - PRODUCTION, PUBLICATION, DISTRIBUTION, MANUFACTURE, AND COPYRIGHT NOTICE | |
| Place of production, publication, distribution, manufacture | الكويت : |
| Name of producer, publisher, distributor, manufacturer | شركة الإبداع الفكري، |
| Date of production, publication, distribution, manufacture, or copyright notice | 2007. |
| 300 ## - PHYSICAL DESCRIPTION | |
| Extent | 170 ص. |
| 490 0# - SERIES STATEMENT | |
| Series statement | صناعة الثقافة |
| Volume/sequential designation | 1 |
| 650 17 - SUBJECT ADDED ENTRY--TOPICAL TERM | |
| Topical term or geographic name as entry element | الثقافه |
| 650 17 - SUBJECT ADDED ENTRY--TOPICAL TERM | |
| Topical term or geographic name as entry element | القرااه |
| 650 17 - SUBJECT ADDED ENTRY--TOPICAL TERM | |
| Topical term or geographic name as entry element | تشجيع القرااه |
| 650 17 - SUBJECT ADDED ENTRY--TOPICAL TERM | |
| Topical term or geographic name as entry element | تعليم القرااه |
| 650 17 - SUBJECT ADDED ENTRY--TOPICAL TERM | |
| Topical term or geographic name as entry element | المكتبات |
| 650 17 - SUBJECT ADDED ENTRY--TOPICAL TERM | |
| Topical term or geographic name as entry element | مراكز المعلومات |
| 700 1# - ADDED ENTRY--PERSONAL NAME | |
| Personal name | باشراحيل، فيصل عمر |
| Relator term | مؤلف |
| 942 ## - ADDED ENTRY ELEMENTS (KOHA) | |
| Source of classification or shelving scheme | Dewey Decimal Classification |
| Koha item type | References |
| حالة السحب | حالة الفقدان | مصدر التصنيف | حالة التلف | غير قابل للإعارة | المكتبة الرئيسية | المكتبة الحالية | موقع الرف | تاريخ التزويد | الرقم المتسلسل | Total Checkouts | رقم الإستدعاء | الباركود | تاريخ آخر ظهور | تاريخ الفاتورة | نوع المادة (كوها) |
|---|---|---|---|---|---|---|---|---|---|---|---|---|---|---|---|
| Dewey Decimal Classification | Not For Loan | المكتبة المركزية | المكتبة المركزية | مراجع | 28/07/2025 | 1158558 | م/028/سوي | 1158558 | 28/07/2025 | 28/07/2025 | References | ||||
| Dewey Decimal Classification | Not For Loan | مكتبة الأميرة ايمان العامة | مكتبة الأميرة ايمان العامة | مراجع | 28/07/2025 | 1158550 | م/028/سوي | 1158550 | 28/07/2025 | 28/07/2025 | References | ||||
| Dewey Decimal Classification | Not For Loan | مكتبة صويلح العامة | مكتبة صويلح العامة | مراجع | 28/07/2025 | 1158554 | م/028/سوي | 1158554 | 28/07/2025 | 28/07/2025 | References | ||||
| Dewey Decimal Classification | Not For Loan | مكتبة مرج الحمام | مكتبة مرج الحمام | مراجع | 28/07/2025 | 1158542 | م/028/سوي | 1158542 | 28/07/2025 | 28/07/2025 | References |